000
00282nam a22001217a 4500
008
181102b xxu||||| |||| 00| 0 eng d
041
_a
eng
080
_a
616.12
100
_a
6
101
_a
KAR
245
_a
An Introduction to Electrocardiography
_c
Schamroth, L
942
_2
udc
_c
BK
999
_c
51634
_d
51634